Southville International School and Colleges
Your cart is empty.
  • Cart
  • Lists
    Public lists Eva Luna New books Lux_list list_1
    Your lists Log in to create your own lists
  • Log in to your account
  • Your cookies
  • Search history
Southville International School and Colleges
  • Advanced search
  • Recent comments
  • Most popular
  • Libraries

Log in to your account

Log in with GOOGLE


If you do not have an external account, but do have a local account, you can still log in:

  1. Home
  2. MARC view: Immunology and serology in laboratory medicine /
Normal view MARC view ISBD view

Immunology and serology in laboratory medicine / (Record no. 13704)

[ view plain ]
MARC details
000 -LEADER
fixed length control field 01155nam a2200313 a 4500
003 - CONTROL NUMBER IDENTIFIER
control field OSt
005 - DATE AND TIME OF LATEST TRANSACTION
control field 20140310182453.0
008 - FIXED-LENGTH DATA ELEMENTS--GENERAL INFORMATION
fixed length control field 110629s19uu xx 00 eng d
010 ## - LIBRARY OF CONGRESS CONTROL NUMBER
LC control number 2008020408
020 ## - INTERNATIONAL STANDARD BOOK NUMBER
International Standard Book Number 9789812725882
020 ## - INTERNATIONAL STANDARD BOOK NUMBER
International Standard Book Number 9812725881
050 ## - LIBRARY OF CONGRESS CALL NUMBER
Classification number RB 46.5
Item number .T936 2009
100 ## - MAIN ENTRY--PERSONAL NAME
Personal name Turgeon, Mary Louise
9 (RLIN) 7731
245 ## - TITLE STATEMENT
Title Immunology and serology in laboratory medicine /
Statement of responsibility, etc Mary Louise Turgeon
250 ## - EDITION STATEMENT
Edition statement 4th ed.
260 ## - PUBLICATION, DISTRIBUTION, ETC. (IMPRINT)
Place of publication, distribution, etc St. Louis, Mo :
Name of publisher, distributor, etc Mosby,
Date of publication, distribution, etc c2009.
300 ## - PHYSICAL DESCRIPTION
Extent xiii, 523 p. :
Other physical details ill. ;
Dimensions 29 cm.
500 ## - GENERAL NOTE
General note Rev. ed. of: Immunology & serology in laboratory medicine / Mary Louise Turgeon. 3rd ed. c2003. Includes bibliographical references and index.
541 ## - IMMEDIATE SOURCE OF ACQUISITION NOTE
-- 1
562 ## - COPY AND VERSION IDENTIFICATION NOTE
Number of copies 1
650 ## - SUBJECT ADDED ENTRY--TOPICAL TERM
Topical term or geographic name as entry element Immunodiagnosis
9 (RLIN) 8243
650 ## - SUBJECT ADDED ENTRY--TOPICAL TERM
Topical term or geographic name as entry element Serodiagnosis
9 (RLIN) 8244
650 ## - SUBJECT ADDED ENTRY--TOPICAL TERM
Topical term or geographic name as entry element Allergy and immunology
General subdivision Laboratory Manuals
9 (RLIN) 8245
650 ## - SUBJECT ADDED ENTRY--TOPICAL TERM
Topical term or geographic name as entry element Immunologic Techniques
General subdivision Laboratory Manuals
9 (RLIN) 8246
650 ## - SUBJECT ADDED ENTRY--TOPICAL TERM
Topical term or geographic name as entry element Immunologic Tests
General subdivision Laboratory Manuals
9 (RLIN) 8247
650 ## - SUBJECT ADDED ENTRY--TOPICAL TERM
Topical term or geographic name as entry element Serology
General subdivision Laboratory Manuals
9 (RLIN) 8248
942 ## - ADDED ENTRY ELEMENTS (KOHA)
Source of classification or shelving scheme Library of Congress Classification
Koha item type
Holdings
Withdrawn status Lost status Source of classification or shelving scheme Damaged status Home library Current library Shelving location Date acquired Total Checkouts Total Renewals Full call number Barcode Date last seen Date checked out Copy number Price effective from Koha item type
    Library of Congress Classification   South SEED-LPDH College Library South SEED-LPDH College Library South SEED-LPDH College Section 08/06/2013 4 29 RB 46.5 .T936 2009 SSLC0238 04/01/2019 03/22/2019 1 08/06/2013 Books

Immunology and serology in laboratory medicine /

APA

Turgeon M. L., . (2009). Immunology and serology in laboratory medicine. St. Louis, Mo: Mosby.

Chicago

Turgeon Mary Louise, . 2009. Immunology and serology in laboratory medicine. St. Louis, Mo: Mosby.

Harvard

Turgeon M. L., . (2009). Immunology and serology in laboratory medicine. St. Louis, Mo: Mosby.

MLA

Turgeon Mary Louise, . Immunology and serology in laboratory medicine. St. Louis, Mo: Mosby. 2009.

  • Place hold
  • Print
  • Cite
  • Add to your cart (remove)
  • Save record
    BIBTEX Dublin Core MARCXML MARC (non-Unicode/MARC-8) MARC (Unicode/UTF-8) MARC (Unicode/UTF-8, Standard) MODS (XML) RIS
  • More searches
    Search for this title in:
    Other Libraries (WorldCat) Other Databases (Google Scholar) Online Stores (Bookfinder.com) Open Library (openlibrary.org)

Exporting to Dublin Core...

SOUTHVILLE LIBRARY

Southville International School and Colleges Library

1281 Tropical Ave. Cor. Luxembourg St., BF Homes International, Las Pinas City

Tel. No. 8256374 / 252358 Loc. 117/146

Powered by Koha